Corporate Cleveland

Bibliographic Details
Format: Electronic Serial
Language:English
Published: Cleveland : Business Journal Pub. Co.,
Subjects:
Online Access:Full text available from Research Library: 03/01/1985 to 03/31/1994

MARC

LEADER 00000nas a22000005a 4500
001 ssj0022750
003 WaSeSS
005 20200512172242.0
006 m d
007 cr n
008 020524uuuuuuuuuohuuu s 0eng
022 |y 1055-5978 
035 |a (WaSeSS)ssj0022750 
040 |d WaSeSS 
245 0 0 |a Corporate Cleveland  |h [electronic resource]. 
260 |a Cleveland :  |b Business Journal Pub. Co., 
506 |a License restrictions may limit access. 
650 7 |a Business, regional.  |2 MiFhGG 
650 7 |a Business.  |2 MiFhGG 
655 0 |a Electronic journals. 
856 4 0 |z Full text available from Research Library: 03/01/1985 to 03/31/1994  |u https://search.proquest.com/publication/17776